000 00665nam a2200229Ia 4500
003 OSt
005 20220918192016.0
006 a|||||r|||| 00| 0
007 ta
008 220917b |||||||| |||| 00| 0 eng d
024 _a66,514
037 _cTextual
040 _aARTS
_cARTS
_beng
041 _2eng
_aeng
082 _aR3xH40:1:9, J6
100 _aWilson Curtis
_978056
245 0 _aWilliam Heytesbury
_b medieval logic and the rise of mathematical physics
260 _c1956
490 _aUniversity of Wisconsin , publications in medieval science; 3
942 _hR3xH40:1:9, J6
_cTEXL
_2CC
999 _c192747
_d192747